Problem of Rebirth (Record no. 16643)

MARC details
000 -LEADER
fixed length control field 00559nam a2200229 a 4500
020 ## - INTERNATIONAL STANDARD BOOK NUMBER
ISBN 9788170585794
082 00 - DEWEY DECIMAL CLASSIFICATION NUMBER
Classification number 294.522
Author Cutter AUR
100 ## - MAIN ENTRY--AUTHOR NAME
Author name Aurobindo,
245 ## - TITLE STATEMENT
Title Problem of Rebirth
260 ## - PUBLICATION, DISTRIBUTION, ETC. (IMPRINT)
Place of publication Pandicherry
Name of publisher Sri Aurobindo Ashram
Year of publication 1999
300 ## - PHYSICAL DESCRIPTION
Number of Pages 193p
500 ## - GENERAL NOTE
General note includes index and biblioraphy
650 ## - SUBJECT ADDED ENTRY--TOPICAL TERM
Topical Term Karma-Hinduism
942 ## - ADDED ENTRY ELEMENTS (KOHA)
Koha item type Books
700 1# -
-- Aurobindo,
Holdings
Collection code Home library Current library Date acquired Cost, normal purchase price Full call number Accession Number Koha item type
  Henry Martyn Institute Library Henry Martyn Institute Library 12/27/2013 90.00 294.522 AUR 024273 Books
                   Copyright © 2026 | Henry Martyn Institute | Hyderabad | TS-500052 | INDIA | Implemented by hmi.edu.in
Hit-Count:

Powered by Koha